Hồ Chí Minh với sử học

সংরক্ষণ করুন:
গ্রন্থ-পঞ্জীর বিবরন
প্রধান লেখক: Phan, Ngọc Liên
বিন্যাস: গ্রন্থ
প্রকাশিত: H. ĐHQG Hà Nội 2000
ট্যাগগুলো: ট্যাগ যুক্ত করুন
কোনো ট্যাগ নেই, প্রথমজন হিসাবে ট্যাগ করুন!
Thư viện lưu trữ: Trung tâm Học liệu Lê Vũ Hùng, Trường Đại học Đồng Tháp
LEADER 00647aam a22001938a 4500
001 00039091
005 20171026081025.0
008 170517s2000 ||||||Viesd
041 0 # |a Vie 
082 1 4 |a 335.434 6  |b H450CH 
100 1 # |a Phan, Ngọc Liên 
245 1 0 |a Hồ Chí Minh với sử học  |c Phan Ngọc Liên chủ biên 
260 # # |a H.  |b ĐHQG Hà Nội  |c 2000 
300 # # |a 329 tr.  |c 21 cm 
852 # # |b Kho mượn  |j KM.0022467 
852 # # |b Kho đọc  |j KD.1002252, KD.0021576 
852 # # |j KD.0021576  |j KM.0022467 
910 |d 17/05/2017 
980 # # |a Trung tâm Học liệu Lê Vũ Hùng, Trường Đại học Đồng Tháp